Secretos de un matrimonio
Saved in:
| Hovedforfatter: | |
|---|---|
| Format: | Bog |
| Sprog: | spansk |
| Udgivet: |
Buenos Aires
Tusquets Editores
2007
|
| Udgivelse: | 1a. ed |
| Serier: | Colección Andanzas
|
| Fag: | |
| Tags: |
Tilføj Tag
Ingen Tags, Vær først til at tagge denne postø!
|
MARC
| LEADER | 00000cam a2200000 a 4500 | ||
|---|---|---|---|
| 001 | UCC4022 | ||
| 003 | CL-VaPUC | ||
| 008 | 180629e20070200ag |||||||||||||||||spa|d | ||
| 020 | |a 9789871210596 | ||
| 082 | 0 | 4 | |a 839.7 |b BER |2 21 |
| 100 | 0 | |a Bergman, Ingmar |e author |9 269158 | |
| 245 | 1 | 0 | |a Secretos de un matrimonio |
| 246 | 1 | 0 | |a Saraband |
| 250 | |a 1a. ed | ||
| 300 | |a 232 p | ||
| 942 | |c BK | ||
| 945 | |d 20180629 12:42:00 |a arojas | ||
| 260 | |a Buenos Aires |b Tusquets Editores |c 2007 | ||
| 650 | 7 | |a NOVELAS SUECAS |2 CL-VaPUC |9 345411 | |
| 650 | 7 | |a LITERATURA SUECA |2 CL-VaPUC |9 598144 | |
| 583 | |a last modification |c 20180629 12:42:00 |k Rodrigo Vera | ||
| 490 | 0 | |a Colección Andanzas | |
| 999 | |c 371634 |d 371632 | ||
| 952 | |0 0 |1 0 |3 erb |4 0 |6 839_700000000000000_BER_2007 |7 0 |8 A |9 488698 |a BIBART |b BIBART |i 5477948 |o 839.7 BER 2007 |p 5477948 |r 2025-03-13 |w 2019-11-24 |y BK |z Catalogado en:20180629 |k ART | ||